Układy automatyzacji : (Rekord nr 56362)
| 000 -ETYKIETA REKORDU | |
|---|---|
| podpole kontrolne o stałej długości | 00997nam a2200313 i 4500 |
| 001 - NUMER KONTROLNY REKORDU | |
| pole kontrolne | 56362 |
| 003 - IDENTYFIKATOR NUMERU KONTROLNEGO REKORDU | |
| podpole kontrolne | KOSZ 005 |
| 005 - DATA OSTATNIEJ MODYFIKACJI REKORDU | |
| podpole kontrolne | 20220608132341.0 |
| 008 - POLE O STAŁEJ DŁUGOŚCI - DANE KONTROLNE | |
| podpole kontrolne o stałej długości | 090515s2008 pl a f f |000 0 pol |
| 015 ## - NUMER BIBLIOGRAFII NARODOWEJ | |
| Numer bibliografii narodowej | PB 25658/2008 |
| 020 ## - MIĘDZYNARODOWY ZNORMALIZOWANY NUMER KSIĄŻKI - ISBN | |
| ISBN | 9788389901316 |
| 040 ## - ŹRÓDŁO KATALOGOWANIA | |
| Instytucja, która utworzyła rekord | KOSZ 005 |
| Instytucja, która sporządziła opis | KOSZ 005 |
| Instytucja, która dokonała modyfikacji | KOSZ 005/HR |
| 041 ## - KOD JĘZYKA | |
| Kod języka tekstu | pol |
| 080 ## - UNIWERSALNA KLASYFIKACJA DZIESIĘTNA - UKD | |
| UKD | 681.5 |
| 080 ## - UNIWERSALNA KLASYFIKACJA DZIESIĘTNA - UKD | |
| UKD | (075.8) |
| 245 00 - TYTUŁ/ODPOWIEDZIALNOŚĆ | |
| Tytuł | Układy automatyzacji : |
| Ciąg dalszy tytułu | ćwiczenia laboratoryjne / |
| Pozostałe elementy strefy tytułu i oznaczenia odpowiedzialności | pod red. Jerzego Brzózki. |
| 260 ## - STREFA ADRESU WYDAWNICZEGO | |
| Miejsce wydania | Szczecin : |
| Nazwa wydawcy/dystrybutora | Wydawnictwo Naukowe Akademii Morskiej, |
| Data publikacji, dystrybucji/powstania dokumentu | 2008. |
| 300 ## - STREFA OPISU FIZYCZNEGO | |
| Objętość | 173, [2] s. : |
| Inne cechy fizyczne | il. ; |
| Rozmiary | 24 cm. |
| 380 ## - FORMA I TYP PUBLIKACJI | |
| Forma i typ publikacji | Książki |
| 388 ## - CZAS POWSTANIA | |
| Czas powstania | 2001- |
| 504 ## - UWAGA DOTYCZĄCA BIBLIOGRAFII | |
| Informacje o bibliografii | Bibliogr. przy rozdz. |
| 650 #4 - HASŁO PRZEDMIOTOWE W FORMIE NAZWY OGÓLNEJ LUB JEDNOSTKOWEJ | |
| Nazwa ogólna lub geograficzna | Automatyka |
| 650 #4 - HASŁO PRZEDMIOTOWE W FORMIE NAZWY OGÓLNEJ LUB JEDNOSTKOWEJ | |
| Nazwa ogólna lub geograficzna | Urządzenia sterujące |
| 655 ## - TERMIN INDEKSOWY - OKREŚLENIE RODZAJU/FORMY DOKUMENTU | |
| Określenie rodzaju/formy dokumentu | Podręczniki akademickie |
| 658 ## - TERMIN INDEKSOWY - PRZEDMIOT PROGRAMU NAUCZANIA | |
| Główny przedmiot programu nauczania | Inżynieria i technika |
| 700 1# - HASŁO DODATKOWE - NAZWA OSOBOWA | |
| Nazwa osobowa | Brzózka, Jerzy |
| Określenie związku między hasłem a opisywanym materiałem | Redakcja |
| 856 ## - LOKALIZACJA I DOSTĘP DO ELEKTRONICZNYCH DOKUMENTÓW ZDALNYCH | |
| Link (URL) | http://koha.tu.koszalin.pl/cgi-bin/koha/opac-detail.pl?biblionumber=56362 |
| Tekst linku | Katalog online BPK |
| 942 ## - DODATKOWE ELEMENTY (KOHA) | |
| Typ dokumentu | Książka |
| Schemat klasyfikacji | Uniwersalna Klasyfikacja Dziesiętna |
| Wycofany | Status egzemplarza | Uszkodzony | Dostępność | Lokalizacja stała | Lokalizacja bieżąca | Miejsce przechowywania | Sygnatura | Kod kreskowy | Dział | Typ dokumentu |
|---|---|---|---|---|---|---|---|---|---|---|
| Tylko na miejscu | Biblioteka Politechniki Koszalińskiej | Biblioteka Politechniki Koszalińskiej | Czytelnia BG | 91057 | 02471846 | 681.5 Automatyka. Mechatronika | Książka |
